=LDR 00000nam 2200000 4500 =260 ##$$a Jakarta : $b Pusbangkom Pimnas dan Manajerial ASN, $c 2024 =Wor $a 73 =856 ##$$a Perpustakaan Pusat LAN =740 ##$$a =700 #$$a =650 #$$a Inovasi Ekonomi =520 #$$a Proyek Perubahan yang berjudul “Kolaborasi Strategis Pemanfaatan Riset dan Inovasi untuk Pertumbuhan Ekonomi Masyarakat Pesisir” ini bertujuan untuk: 1).Mendorong pemanfaatan potensi kelautan dan perikanan oleh masyarakat pesisir dengan optimal dan berkelanjutan, melalui dukungan riset dan inovasi – dalam konteks mendorong ekonomi biru; dan 2).Menghasilkan kebijakan Deputi Pemanfaatan Riset dan Inovasi BRIN tentang peningkatan pemanfaatan riset dan inovasi melalui suatu platform kolaborasi strategis, untuk mendorong pertumbuhan ekonomi masyarakat pesisir. Selama periode implementasi yang berlangsung sejak 18 September sd. 3 Desember 2024 ini, masukan-masukan dari narasumber pada saat Seminar Rancangan Proyek Perubahan telah dipenuhi. Demikian pula, 5 (lima) target pada Milestone jangka pendek yang telah ditetapkan di dalam Rancangan Proyek Perubahan telah berhasil dicapai seluruhnya. Dukungan yang berhasil diperoleh berjumlah 51 dukungan kolaborasi dari berbagai sektor, dan meliputi berbagai tingkatan (lokal – nasional – internasional). Untuk penyebarluasan ide dan gerakan Proyek Perubahan telah dilakukan strategi pemasaran berupa multitrack marketing melalui berbagai platform media sosial. Pembentukan organisasi pembelajar guna memastikan keberlangsungan Proyek Perubahan juga dilakukan; selaras dengan dilakukannya pengembangan kompetensi pribadi, kompetensi Tim Efektif dan kompetensi mitra kolaborasi. Secara umum, Proyek Perubahan sudah terimplementasikan secara efektif. Nilai lebih dari Proyek Perubahan ini adalah pada: 1).mobilisasi sumberdaya melalui kolaborasi strategis, dan 2).berfokus pada isu tertentu – dalam hal ini pertumbuhan ekonomi masyarakat pesisir (dalam kerangka pengembangan ekonomi biru) =338 ##$$a =337 ##$$a =336 ##$$a =300 ##$$a 47 $b 0 $c 30 cm $e =001 $a INLIS000000000020834 =246 ##$$a =245 ##$$a Kolaborasi Strategi Pemenfaatan Riset Dan Inovasi Untuk Pertumbuhan Ekonomi Masyarakat Pesisir $b $c R Hendrian =100 #$$a R Hendrian =084 ##$$a R 0050 PKN I 2024 =082 ##$$a =035 ##$$a 0010-0226000004 =022 ##$$a =008 $a 260227###########################0###### =005 $a 20260227094227